BEHAVIORAL PATTERNSIN COMMODITY DERIVATIVES: A FOCUS ON INDIA/ (Record no. 212862)

MARC details
000 -LEADER
fixed length control field 00658nam a22002057a 4500
005 - DATE AND TIME OF LATEST TRANSACTION
control field 20250804152754.0
010 ## - LCCN (DPL NO)
LC control number ENG-146287
020 ## - INTERNATIONAL STANDARD BOOK NUMBER
Terms of availability 240.00
International Standard Book Number 9789361638251
035 ## - SYSTEM CONTROL NUMBER
System control number EN-129819
037 ## - SOURCE OF ACQUISITION
Source of stock number/acquisition DBAD
082 ## - DEWEY DECIMAL CLASSIFICATION NUMBER
Classification number 332.6328
100 ## - MAIN ENTRY--PERSONAL NAME
Personal name M. Devaki
245 ## - TITLE STATEMENT
Title BEHAVIORAL PATTERNSIN COMMODITY DERIVATIVES: A FOCUS ON INDIA/
Statement of responsibility, etc M. Devaki [and] M. Anbukarasi
250 ## - EDITION STATEMENT
Edition statement 1
260 ## - PUBLICATION, DISTRIBUTION, ETC. (IMPRINT)
Place of publication, distribution, etc TAMIL NADU
Name of publisher, distributor, etc SHANLAX PUBLICATIONS
Date of publication, distribution, etc 2024
270 ## - ADDRESS
City MADURAI
Address 61,66 T.P.K. MAIN ROAD VASANTHA NAGAR, MADURAI, TAMIL NADU
Postal code 625003
300 ## - PHYSICAL DESCRIPTION
Extent 178p.
Dimensions 25cm(Pb)
700 ## - ADDED ENTRY--PERSONAL NAME
Personal name M.ANBUKARSI
9 (RLIN) 83697
942 ## - ADDED ENTRY ELEMENTS (KOHA)
Source of classification or shelving scheme Dewey Decimal Classification
Item type English Books
Classification part 332.6328
Call number suffix MDE

No items available.


© Delhi Public Library
Hit Counter
free hit counter